00416nam a2200109Ia 4500008004100000100002200041245009400063260003300157300001700190650001400207856008500221160712s9999 xx 000 0 und d aLanuza, Gerry M.  cGerry M. LanuzaaPerforming Childlore and Gender Roles in a Public School in Metro Manila c2011bSocial Science Diliman avol. 7 no. 2 xEDUCATION uhttp://journals.upd.edu.ph/index.php/socialsciencediliman/issue/view/309/showToc